00478nam a2200109Ia 4500008004100000050002700041100002700068245013700095260008600232300002800318521002200346140724s9999 xx 000 0 und d aLB 1027.55b.B165 2010 aBajamundi, Jennifer M. aBenefits of circle time to the socio-emotional development of preschool students with disruptive behaviors /cJennifer M. Bajamundi. aLas Piñas, Philippines :bSouthville International School and Colleges,cc2010. a60 p. :bill. ;c28 cm. aSpecial Education